Los continentes y los mares (Record no. 35214)

MARC details
000 -LEADER
campo de control de longitud fija 00594nam a2200157 i 4500
001 - NÚMERO DE CONTROL
campo de control 35214
003 - IDENTIFICADOR DE NÚMERO DE CONTROL
campo de control ES-MaACL
007 - CAMPO FIJO DE DESCRIPCIÓN FÍSICA--INFORMACIÓN GENERAL
campo de control de longitud fija t|
008 - DATOS DE LONGITUD FIJA--INFORMACIÓN GENERAL
campo de control de longitud fija 030212s1914 sp ||||1| spa d
100 1# - ENTRADA PRINCIPAL--NOMBRE DE PERSONA
Nombre de persona Bölsche, Wilhelm.
9 (RLIN) 30007
245 14 - MENCIÓN DEL TÍTULO
Título Los continentes y los mares
Resto del título : sus variaciones en los periodos geológicos /
Mención de responsabilidad, etc. por Wilhelm Bölsche ; traducido de la sexta edición alemana por Maximino San Miguel de la Cámara.
260 ## - PUBLICACIÓN, DISTRIBUCIÓN, ETC.
Lugar de publicación, distribución, etc. Barcelona :
Nombre del editor, distribuidor, etc. [s.n.,
Fecha de publicación, distribución, etc. 1914] (
Fabricante Imp. Elzeviriana)
300 ## - DESCRIPCIÓN FÍSICA
Extensión 119 p. ;
Dimensiones 21 cm.
700 1# - ENTRADA AGREGADA--NOMBRE PERSONAL
Nombre de persona San Miguel de la Cámara, Maximino.
9 (RLIN) 102284
852 ## - LOCALIZACIÓN
Ubicación ES-MaACL
Número de control de estantería B-3092
Holdings
Estatus retirado Estado de pérdida Estado de daño No para préstamo Biblioteca de origen Biblioteca actual Ubicación en estantería Fecha de adquisición Fuente de adquisición Total de préstamos Signatura topográfica completa Código de barras Visto por última vez Precio de reemplazo Tipo de ítem Koha
        Biblioteca del Ateneo de Madrid Biblioteca del Ateneo de Madrid Sala Pardo Bazán 17/01/2008     B-3092 1036841 23/02/2023 23/02/2023 Libro impreso